Statystyki dla Bierki szachowe z szachownicą

Kliknij tutaj aby rozwiązać quiz!

Ogólne statystyki

  • Ten quiz został rozwiązany 5,369 razy
  • Średni wynik to 6 z 6

Statystyki odpowiedzi

Bierki % poprawnych
Król
99%
Hetman
99%
Skoczek
98%
Wieża
95%
Pion
90%
Goniec
78%

Rozkład punktacji

Percentyl według liczby udzielonych odpowiedzi

Procent ludzi z każdym wynikiem

Twoja historia wyników

Nie rozwiązałeś tego quizu